| 000 | 01149cam a22002771 4500 | ||
|---|---|---|---|
| 001 | l 39000105 | ||
| 003 | DLC | ||
| 005 | 20260227111537.0 | ||
| 008 | 820626s1939 xx a 000 0 eng | ||
| 010 | _al 39000105 | ||
| 035 | _a(OCoLC)14728857 | ||
| 040 |
_aDLC _cDNLM _dOCoLC _dDLC |
||
| 042 | _apremarc | ||
| 050 | 0 | 0 |
_aRG563 _b.U65 1939 |
| 060 | 0 |
_aW1 _bUN6181 no.153 1939 |
|
| 110 | 1 |
_aUnited States. _bChildren's Bureau. |
|
| 245 | 1 | 0 |
_aStandards of prenatal care; _ban outline for the use of physicians ... |
| 260 |
_aWashington, _bU.S. Govt. print. off., _c1939. |
||
| 300 |
_aii, 5 p. _bill. |
||
| 490 | 1 |
_aBureau publication _vno. 153 [rev. 1939] |
|
| 500 | _aAt head of title: United States Department of labor. Frances Perkins, secretary. Children's bureau. Katharine F. Lenroot, chief. | ||
| 500 | _a"First published in 1925 ... The revision was made by Edwin Daily, M. D. ... with the assistance of the Bureau's advisory committee of obstetricians." - Letter of transmittal. | ||
| 700 | 1 |
_aDaily, Edwin Francis, _d1904- |
|
| 740 | 0 | _aPrenatal care | |
| 810 | 1 |
_aUnited States. _bChildren's Bureau. _tPublication ; _vno. 153. |
|
| 999 |
_c36303 _d36303 |
||